000 00629nam a22001697a 4500
003 OSt
005 20171010095527.0
008 121004t xxu||||| |||| 00| 0 eng d
040 _aMMSU
_cULS
100 _aMIllare, Charity B.
_913090
245 _aPesticide residue monitoring on vegetables sold in Bangued Public Market, Bangued, Abra
_cCharity B. Millare
260 _c2008
300 _axv, 39 leaves
_c28 cm.
500 _aThesis (BS Environmental Science) -- Mariano Marcos State University-College of Agriculture, Food and Sustainable Development, Batac City
504 _aBibliography: leaves 31-32
942 _2ddc
_cTHEDIS
999 _c9795
_d9795